Бизнес реторика (Запис номер 181974)
[ съкратено ]
| 000 -Лидер | |
|---|---|
| Контролно поле с фиксирана дължина | 02292nam a2200433 c 4500 |
| 003 - Код на организацията, давaща контролен номер | |
| Контролно поле | BLK |
| 005 - Дата и час на последна редакция | |
| Контролно поле | 20180422115208.0 |
| 008 - Елементи от данни с фиксирана дължина | |
| fixed length control field | 180411b bul|||||r ||||||| ||bul|| |
| 010 ## - Наследен системен номер | |
| LC control number | KNG00190893000 |
| 020 ## - Международен стандартен номер на книга ISBN | |
| Международен стандартен номер на книга ISBN | 978-954-9432-69-5 |
| -- | издат.: Междунар. висше бизнес у-ще |
| 040 ## - Източник на каталожния запис | |
| Идентификатор на билиотеката - собственик на записа | BLK |
| 041 ## - Код за език | |
| Код за езика на текст/звукозапис или на отделно заглавие | Български |
| Код за езика КДБФ | Български |
| 072 #7 - Код за тематичната категория | |
| Код организация | bullib |
| Код за тематична категория | Н80 |
| Текст | Езикознание Н |
| 080 ## - УДК | |
| Текстов определител УДК | Култура на речта. Ораторско изкуство. Красноречие |
| УДК код - определител по УДК | 808.5 |
| УДК определител | :330.16(075.8) |
| УДК - код + определител | 808.5:330.16(075.8) |
| 080 ## - УДК | |
| Текстов определител УДК | Икономическа психология. Икономическо поведение. Физиологични и психологични елементи. Интереси. Икономически дух |
| УДК код - определител по УДК | 330.16 |
| УДК определител | (075.8) |
| УДК - код + определител | 330.16(075.8) |
| 080 ## - УДК | |
| Текстов определител УДК | Социално взаимодействие и общуване в групите (интеракция и комуникация) |
| УДК код - определител по УДК | 316.454.5 |
| УДК определител | (075.8) |
| УДК - код + определител | 316.454.5(075.8) |
| 100 1# - Редна дума - Автор | |
| Автор | Ведър, Йордан Иванов |
| Авторска отговорност | първи автор |
| R(LIN) | 367198 |
| 139 ## - Редно поле | |
| Редна дума | Ведър, Йордан Иванов и др. |
| Авторски знак | Вед - В 35 |
| 245 10 - Сведения за заглавието | |
| Заглавие | Бизнес реторика |
| Подзаглавни данни | Въведение в деловата комуникация |
| Редно поле (дума) | Йордан Иванов Ведър; съавт. Олимпия Йорданова Ведър. |
| 257 ## - Страна на издаване | |
| Страна на създаване/издаване | България |
| 260 ## - Област на издателските данни | |
| -- | София |
| Име на издателя, разпространителя и проч. | Междунар. висше бизнес у-ще |
| Година на издаване | 2016 |
| Печатница | София : Авангард принт |
| 300 ## - Физическа характеристика | |
| Страници | 470 с. |
| Илюстрации и др. | с ил. |
| Размери/Мащаб | 29 см |
| 380 ## - Жанр | |
| Жанр | Литературознание |
| 500 ## - Общи забележки | |
| Забележка | Библиогр.: с. 443-454 |
| 650 #4 - Допълнително описание по предмет – тема | |
| Основно описание – тема или топоним | Икономическо поведение - учебници за ВУЗ |
| 9 (RLIN) | 313362 |
| 650 #4 - Допълнително описание по предмет – тема | |
| Основно описание – тема или топоним | Реторика - учебници за ВУЗ |
| 9 (RLIN) | 259370 |
| 650 #4 - Допълнително описание по предмет – тема | |
| Основно описание – тема или топоним | Комуникация - учебници за ВУЗ |
| 9 (RLIN) | 291096 |
| 653 ## - Ключова дума – ненормативна | |
| Ключова дума | икономическо поведение |
| 653 ## - Ключова дума – ненормативна | |
| Ключова дума | реторика |
| 653 ## - Ключова дума – ненормативна | |
| Ключова дума | комуникация |
| 653 ## - Ключова дума – ненормативна | |
| Ключова дума | учебници за ВУЗ |
| 659 ## - Тематичен бюлетин | |
| Тематичен бюлетин | Н |
| 700 1# - Други автори (авторска отговорност) | |
| Лично име | Ведър, Олимпия Йорданова |
| Автороска отговорност (Описва отношението между автора и произведението) | съавт. |
| 9 (RLIN) | 383898 |
| 852 ## - Местоположение | |
| Форматна сигнатура | Цб ІІ 21510 |
| 856 4# - Електронен адрес и достъп | |
| Електронен формат | pdf - файл |
| Път до файла /url/ | |
| 856 4# - Електронен адрес и достъп | |
| Електронен формат | pdf - файл |
| Път до файла /url/ | |
| 942 ## - АРТИКУЛИ | |
| Вид на библиотечния материал | Книги |
| Скрит в OPAC | Не |
| 944 ## - СЪЗДАВАНЕ И РЕДАКЦИЯ на ЗАПИСА | |
| Създаване/Редакция | Създаване |
| Дата на регистрацията/редакция | 21.09.2016 |
| Служител, извършил регистрацията/редакцията | Виолета_Тройчева |
| 944 ## - СЪЗДАВАНЕ И РЕДАКЦИЯ на ЗАПИСА | |
| Създаване/Редакция | Редакция |
| Дата на регистрацията/редакция | 26.09.2016 |
| Служител, извършил регистрацията/редакцията | Пенка_Димитрова |
| 999 ## - СИСТЕМНИ КОНТРОЛНИ НОМЕРА | |
| Koha biblionumber | 181974 |
| Koha biblioitemnumber | 181974 |
| Код за отписване | Код за изгубен артикул | Код за повреда | Коз за рестрикции | Код за отдаване | Артикулен № | Име на библиотеката - собственик | Име на библиотеката, в която се намира в момента | Статус (Текущо местоположение) | Дата на вписване в системата | Местоположение - отдел | Цена в лева | Инвентарен номер | Систематично азбучна сигнатура | Баркод | Номер на екземпляра | Цена в евро | Служебна бележка | Служебен тип на артикула |
|---|---|---|---|---|---|---|---|---|---|---|---|---|---|---|---|---|---|---|
| Не е изгубен | Не е повреден | без рестрикции | ползва се в читалня | 311872 | Регионална библиотека "Любен Каравелов" Русе | Регионална библиотека "Любен Каравелов" Русе | Хранилище | 2016-09-21 | Хранилище | 36.00 | 120000804176 | Цб ІІ 21510 | 120000804176 | 1 | 18.41 | Дост: Dp Вид: Д N: 35 Дата: 26.07.2016 | Книги |